Sports Quiz

Random Sports or NFL Quiz

Fantasy Football Scoring Leaders Quiz Stats

 Plays Quiz not verified by Sporcle

Score 0/76 Timer 05:00
0 Plays Today
Year Player % Correct
2014Aaron Rodgers
99.7%
2011Aaron Rodgers
99.7%
2009Aaron Rodgers
99.7%
2013Peyton Manning
99.5%
2012Drew Brees
99.5%
2008Drew Brees
99.5%
2006Peyton Manning
99.5%
2016Aaron Rodgers
99%
2014Rob Gronkowski
98.9%
2011Rob Gronkowski
98.9%
2012Calvin Johnson
98.7%
2011Calvin Johnson
98.7%
2009Chris Johnson
98.7%
2009Andre Johnson
98.7%
2007Tom Brady
98.7%
2015Rob Gronkowski
98.5%
2015Antonio Brown
98.5%
2015Cam Newton
98.5%
2017Rob Gronkowski
98.4%
2017Russell Wilson
98.4%
2017Todd Gurley
98.4%
2012Adrian Peterson
98.1%
2014Antonio Brown
97.3%
2007LaDainian Tomlinson
97.3%
2006LaDainian Tomlinson
97.3%
2017DeAndre Hopkins
96.9%
2010Jason Witten
96.8%
2007Jason Witten
96.8%
2013Jimmy Graham
96.3%
2012Jimmy Graham
96.3%
2007Randy Moss
96.3%
2003Randy Moss
96.3%
2000Randy Moss
96.3%
2014DeMarco Murray
96%
2011Ray Rice
96%
2016Jordy Nelson
96%
2008Larry Fitzgerald
95.7%
2006Marvin Harrison
95.5%
Year Player % Correct
2002Marvin Harrison
95.5%
2001Marvin Harrison
95.5%
1999Marvin Harrison
95.5%
2013Jamaal Charles
95.2%
2016David Johnson
94.9%
2010Arian Foster
94.9%
2005Carson Palmer
94.7%
2010Michael Vick
94.4%
2006Antonio Gates
94.1%
2005Antonio Gates
94.1%
2004Antonio Gates
94.1%
2016Travis Kelce
93.9%
2004Daunte Culpepper
93.6%
2003Daunte Culpepper
93.6%
2000Daunte Culpepper
93.6%
2008Tony Gonzalez
93.3%
2003Tony Gonzalez
93.3%
2000Tony Gonzalez
93.3%
2015Devonta Freeman
93.1%
2005Steve Smith
93%
2009Vernon Davis
91.2%
1999Kurt Warner
90.4%
2001Marshall Faulk
89.6%
2000Marshall Faulk
89.6%
1999Marshall Faulk
89.6%
2013Josh Gordon
89.3%
2005Shaun Alexander
89.3%
2004Shaun Alexander
89.3%
2008DeAngelo Williams
87.7%
2003Priest Holmes
84.2%
2002Priest Holmes
84.2%
2002Rich Gannon
81.6%
2001Jeff Garcia
70.1%
2004Muhsin Muhammad
61.8%
2001Tony Gonzalez
60.2%
2010Brandon Lloyd
55.9%
2002Todd Heap
53.7%
1999Wesley Walls
17.6%

You're not logged in!

Compare scores with friends on all Sporcle quizzes.
OR
Log In

Sporcle TV

Today on Sporcle TV


Watch our educational content, quiz creation guides, and fun videos on Sporcle TV.

Show Comments

Extras

Top Quizzes Today


Score Distribution

Your Account Isn't Verified!

In order to create a playlist on Sporcle, you need to verify the email address you used during registration. Go to your Sporcle Settings to finish the process.

Report this User

Report this user for behavior that violates our Community Guidelines.

Details: